000 00529nam a2200169Ia 4500
008 090201s9999 xx 000 0 und d
010 _aKPL-54778
040 _bमराठी
041 _aमराठी
082 _a39118
_b54778
100 _aरमेश पटवर्धन
245 _aभुजंगप्रयास
_cरमेश पटवर्धन
260 _c2004
_bसुर्यविविधा
300 _a108
_bमोठा
600 _aभुजंगप्रयास
942 _cBOOK
999 _c236469
_d236469